000 00441ntaaa2200181 4500
003 01
005 20251027202337.0
008 0714s1973 ag 01
040 _aAR-BaBN
_bspa
_cAR-BaBN
_eaacr
_dRIC
082 _a296.0900 Sc9
100 _aKaufmann, Iejezkel
_922059
245 _aLa epoca bíblica
250 _a1 ed.
260 _aBuenos Aires :
_bEditorial Paidós,
_c1964
300 _a154 p
650 _ajudaísmo
_94672
942 _cBK
999 _c18289
_d18289